000 00643nam a2200241Ia 4500
003 OSt
005 20220918174520.0
006 a|||||r|||| 00| 0
007 ta
008 220917b |||||||| |||| 00| 0 eng d
024 _a12,646
037 _cTextual
040 _aARTS
_cARTS
_beng
041 _2eng
_aeng
082 _a/\4, N6
100 _aGinsberg Mitchell
_950804
245 0 _aFar shore
_b Vipassana the practice of insight
260 _aDelhi
_bMotilal Banarsidass Pub
_c1996
300 _a96p.
_ccm.
650 _aSPIRITUALISM
942 _h/\4, N6
_cTEXL
_2CC
999 _c153508
_d153508